| 000 | 00505nam a2200181Ia 4500 | ||
|---|---|---|---|
| 008 | 240925s9999 xx 000 0 und d | ||
| 020 | _a8129706644 | ||
| 082 | _a658.406 SHU | ||
| 100 | _aShulman, M. Joel | ||
| 245 | 0 | _aGetting bigger by growing smaller: a new growth model for corporate America | |
| 250 | _aNA | ||
| 260 |
_aNew Delhi: _bPearson Education _c,2004. |
||
| 300 |
_ax, 564p. _bN.A _fOriginal |
||
| 500 | _aIncludes Index | ||
| 600 | _aManagement | ||
| 650 | _aManagement | ||
| 942 | _cBK | ||
| 999 |
_c17910 _d17910 |
||